Peroxiredoxin Systems [electronic resource] : Structures and Functions / edited by Leopold Flohé, J. Robin Harris.
Record details
- ISBN: 9781402060519
- Physical Description: XIV, 407 p. online resource.
- Publisher: Dordrecht : Springer Netherlands, 2007.
Search for related items by subject
| Subject: | Medicine. Medical parasitology. Biochemistry. Cytology. Microbiology. Bacteriology. Biomedicine. Parasitology. Biochemistry, general. Cell Biology. Microbiology. Bacteriology. |
Search for related items by series
Electronic resources
| LDR | 01659nam a22004815i 4500 | ||
|---|---|---|---|
| 001 | 13139 | ||
| 003 | CONS | ||
| 005 | 20131219161943.0 | ||
| 007 | cr nn 008mamaa | ||
| 008 | 100301s2007 ne | s |||| 0|eng d | ||
| 020 | . | ‡a9781402060519 ‡9978-1-4020-6051-9 | |
| 024 | 7 | . | ‡a10.1007/978-1-4020-6051-9 ‡2doi |
| 035 | . | ‡a(DE-He213)978-1-4020-6051-9 | |
| 050 | 4. | ‡aQR251-255 | |
| 072 | 7. | ‡aMMFP ‡2bicssc | |
| 072 | 7. | ‡aMED103000 ‡2bisacsh | |
| 100 | 1 | . | ‡aFlohé, Leopold. ‡eeditor. |
| 245 | 1 | 0. | ‡aPeroxiredoxin Systems ‡h[electronic resource] : ‡bStructures and Functions / ‡cedited by Leopold Flohé, J. Robin Harris. |
| 264 | 1. | ‡aDordrecht : ‡bSpringer Netherlands, ‡c2007. | |
| 300 | . | ‡aXIV, 407 p. ‡bonline resource. | |
| 336 | . | ‡atext ‡btxt ‡2rdacontent | |
| 337 | . | ‡acomputer ‡bc ‡2rdamedia | |
| 338 | . | ‡aonline resource ‡bcr ‡2rdacarrier | |
| 347 | . | ‡atext file ‡bPDF ‡2rda | |
| 490 | 1 | . | ‡aSubcellular Biochemistry, ‡x0306-0225 ; ‡v44 |
| 650 | 0. | ‡aMedicine. | |
| 650 | 0. | ‡aMedical parasitology. | |
| 650 | 0. | ‡aBiochemistry. | |
| 650 | 0. | ‡aCytology. | |
| 650 | 0. | ‡aMicrobiology. | |
| 650 | 0. | ‡aBacteriology. | |
| 650 | 1 | 4. | ‡aBiomedicine. |
| 650 | 2 | 4. | ‡aParasitology. |
| 650 | 2 | 4. | ‡aBiochemistry, general. |
| 650 | 2 | 4. | ‡aCell Biology. |
| 650 | 2 | 4. | ‡aMicrobiology. |
| 650 | 2 | 4. | ‡aBacteriology. |
| 700 | 1 | . | ‡aHarris, J. Robin. ‡eeditor. |
| 710 | 2 | . | ‡aSpringerLink (Online service) |
| 773 | 0 | . | ‡tSpringer eBooks |
| 776 | 0 | 8. | ‡iPrinted edition: ‡z9781402060502 |
| 830 | 0. | ‡aSubcellular Biochemistry, ‡x0306-0225 ; ‡v44 | |
| 856 | 4 | 0. | ‡uhttp://biblioteca.ipicyt.edu.mx:2048/login?url=http://dx.doi.org/10.1007/978-1-4020-6051-9 ‡yTexto completo ‡9CONS |
| 950 | . | ‡aBiomedical and Life Sciences (Springer-11642) | |
| 901 | . | ‡a13139 ‡b ‡c13139 ‡tbiblio ‡sSystem Local | |